[Event "Detroit (RVO/2)"]
[Site "?"]
[Date "1990.??.??"]
[Round "?"]
[White "Harrell, K."]
[Black "Pineda, L."]
[Result "1-0"]
[WhiteElo "1605"]
[BlackElo "1605"]
[PlyCount "107"]
[EventDate "1990.??.??"]

1. e4 e5 2. Nf3 d6 3. Nc3 Nf6 4. d4 Bg4 5. Be2 Bxf3 6. Bxf3 exd4 7. Qxd4 c5 8.
Qa4+ Nc6 9. e5 dxe5 10. Bxc6+ bxc6 11. Qxc6+ Nd7 12. O-O Rb8 13. Re1 Qf6 14.
Qc7 Qd8 15. Qxa7 Be7 16. Qa4 O-O 17. Qg4 g6 18. Rd1 Nf6 19. Rxd8 Nxg4 20. Rd7
Rfe8 21. Nd5 Bh4 22. g3 Red8 23. Rxd8+ Bxd8 24. a4 c4 25. a5 Rb5 26. a6 Rxd5
27. a7 Rd1+ 28. Kg2 Kg7 29. a8=Q Bb6 30. Bh6+ Nxh6 31. Rxd1 Ng4 32. h3 Nf6 33.
Qa6 Bd4 34. Rxd4 exd4 35. Qxc4 h5 36. Qxd4 g5 37. Qxf6+ Kxf6 38. Kf3 Ke5 39.
Ke3 g4 40. hxg4 hxg4 41. c4 Kd6 42. b4 Kc7 43. Kf4 Kd6 44. Kxg4 Ke6 45. f4 Kf6
46. c5 Kg7 47. c6 Kh7 48. c7 Kg7 49. c8=Q Kh7 50. Kf5 Kg7 51. Qd7 Kh8 52. Kf6
Kg8 53. Qxf7+ Kh8 54. Qg7# 1-0

[Event "Detroit (RVO/4)"]
[Site "?"]
[Date "1990.??.??"]
[Round "?"]
[White "Harrell, K."]
[Black "Foord, Allan"]
[Result "0-1"]
[WhiteElo "1605"]
[BlackElo "1705"]
[PlyCount "77"]
[EventDate "1990.??.??"]

1. e4 c5 2. Nf3 d6 3. d4 cxd4 4. Nxd4 Nf6 5. Nc3 a6 6. a4 Nc6 7. Be2 e6 8. f4
Be7 9. Be3 O-O 10. Qd2 Qc7 11. h3 Re8 12. g4 b6 13. g5 Nd7 14. h4 Bb7 15. O-O-O
Na5 16. h5 Bxe4 17. Nxe4 e5 18. Nf5 Nb3+ 19. Kb1 Nxd2+ 20. Rxd2 exf4 21. Bxf4
Ne5 22. g6 fxg6 23. hxg6 hxg6 24. b3 gxf5 25. Bxe5 dxe5 26. Bc4+ Qxc4 27. bxc4
fxe4 28. Re2 Rad8 29. Rxe4 Bf6 30. c3 Rd3 31. Kb2 Red8 32. Kb3 Rf3 33. Kb4 Rdd3
34. Rc1 Rf4 35. Rxf4 exf4 36. a5 bxa5+ 37. Kxa5 Rxc3 38. Rxc3 Bxc3+ 39. Kxa6
0-1

[Event "Detroit (MOR/1b/1)"]
[Site "?"]
[Date "1990.??.??"]
[Round "?"]
[White "Harger, Tim"]
[Black "Lingar, R."]
[Result "1-0"]
[WhiteElo "1795"]
[BlackElo "1605"]
[PlyCount "85"]
[EventDate "1990.??.??"]

1. d4 d5 2. e3 e6 3. Bd3 c5 4. c3 Nc6 5. f4 Bd6 6. Nf3 cxd4 7. exd4 Qb6 8. Qe2
Nge7 9. O-O O-O 10. Kh1 f5 11. b3 Bd7 12. Bb2 Qc7 13. Ne5 Ng6 14. Nd2 Ncxe5 15.
fxe5 Be7 16. c4 Bc6 17. Rac1 Qa5 18. a4 Nh4 19. Rf2 Bg5 20. Bc3 Qb6 21. Rb1 Qc7
22. Bb4 Rf7 23. cxd5 Bxd5 24. Bc4 Bxc4 25. Nxc4 a6 26. Nd6 Rd7 27. Qd3 a5 28.
Ba3 Be7 29. Rc2 Qd8 30. Qc4 Bxd6 31. Qxe6+ Kh8 32. Bxd6 Rc8 33. Rbc1 Rxc2 34.
Rxc2 Ng6 35. Rc7 Nf8 36. Qxf5 g6 37. Rxd7 Nxd7 38. Qf7 Qc8 39. h3 Qc1+ 40. Kh2
Qh6 41. e6 b6 42. exd7 Qf8 43. Qxf8# 1-0

[Event "Lansing (MI Am/4/4)"]
[Site "?"]
[Date "1990.??.??"]
[Round "?"]
[White "Harger, Tim"]
[Black "LaForge, Tom"]
[Result "0-1"]
[WhiteElo "1765"]
[BlackElo "1945"]
[PlyCount "108"]
[EventDate "1990.??.??"]

{4/(4)} 1. d4 d5 2. e3 Bf5 3. Bd3 Bxd3 4. cxd3 e6 5. f4 c5 6. Nf3 Nf6 7. b3 Nc6
8. Bb2 cxd4 9. Nxd4 Rc8 10. Nd2 Be7 11. O-O O-O 12. N2f3 Qb6 13. Qe2 Nd7 14. g4
Bf6 15. g5 Bxd4 16. Nxd4 Nxd4 17. Bxd4 e5 18. Bb2 exf4 19. Rxf4 Qg6 20. Raf1
Nc5 21. Rd4 Ne6 22. Rg4 Nc5 23. e4 Qa6 24. Ba1 Nxd3 25. Rh4 dxe4 26. Rf6 Rc1+
27. Rf1 Rxf1+ 28. Qxf1 Qg6 29. Qe2 Qxg5+ 30. Rg4 Qc1+ 31. Qf1 Qxf1+ 32. Kxf1 f6
33. Rxe4 Rc8 34. Bd4 b6 35. Re7 Ra8 36. Kg2 Nf4+ 37. Kf2 Kf8 38. Re4 Nd5 39. a4
Re8 40. Rh4 h6 41. Rh5 Nf4 42. Rf5 Ne6 43. Be3 Kf7 44. a5 bxa5 45. Bxa7 Rc8 46.
Kf3 Rc3+ 47. Ke4 Rxb3 48. Rxa5 Rb4+ 49. Kf3 Rh4 50. Bb8 Rb4 51. Bg3 Rb7 52. h4
g6 53. h5 g5 54. Kg2 Kg7 0-1

[Event "Detroit (MOR/3/19)"]
[Site "?"]
[Date "1990.??.??"]
[Round "?"]
[White "Harger, Tim"]
[Black "Grossman, Jay"]
[Result "0-1"]
[WhiteElo "1795"]
[BlackElo "1605"]
[PlyCount "89"]
[EventDate "1990.??.??"]

{3/(19)} 1. e4 c5 2. Nf3 d6 3. Bb5+ Bd7 4. Bxd7+ Qxd7 5. O-O Nf6 6. Re1 e6 7.
c3 Be7 8. d4 cxd4 9. cxd4 Nc6 10. Nc3 O-O 11. h3 Rfd8 12. Bf4 a6 13. Qe2 b5 14.
a3 Rac8 15. Rad1 Qb7 16. e5 dxe5 17. dxe5 Nd5 18. Nxd5 Rxd5 19. Rxd5 exd5 20.
e6 Bf6 21. exf7+ Qxf7 22. Ng5 Qe7 23. Qd2 Qd8 24. Ne6 Qd7 25. Nc5 Qf7 26. Nxa6
Bxb2 27. Qxb2 Qxf4 28. Qxb5 Qc4 29. Qb7 Nd4 30. Kh2 Nf5 31. Qd7 Qf4+ 32. Kg1
Nd6 33. Qe6+ Kh8 34. Qxd5 Rf8 35. f3 Nf5 36. Qc5 Rd8 37. Nc7 Qd2 38. Qf2 Qa5
39. Ne6 Re8 40. Re4 Qxa3 41. g4 Nd6 42. Qd4 Re7 43. Rf4 h6 44. Nc5 Qc1+ 45. Kg2
0-1

[Event "Detroit (MOR/4/37)"]
[Site "?"]
[Date "1990.??.??"]
[Round "?"]
[White "Harger, Tim"]
[Black "Genik, R."]
[Result "1-0"]
[WhiteElo "1795"]
[BlackElo "1605"]
[PlyCount "77"]
[EventDate "1990.??.??"]

{4/(37)} 1. d4 Nf6 2. e3 e6 3. Bd3 d5 4. Nd2 c5 5. c3 Qb6 6. f4 Nc6 7. Ngf3 Bd6
8. Ne5 g6 9. Qe2 a6 10. O-O Ne7 11. b3 Nf5 12. Bb2 h5 13. Kh1 h4 14. Qf3 Qd8
15. e4 dxe4 16. Nxe4 Rb8 17. Rad1 Nxe4 18. Bxe4 Qe7 19. c4 Rh6 20. d5 Nd4 21.
Bxd4 cxd4 22. Rxd4 Bc5 23. Rd2 f6 24. Ng4 Rh8 25. Bxg6+ Kf8 26. Re1 Bb4 27.
Rde2 Bxe1 28. Rxe1 f5 29. dxe6 fxg4 30. Qxg4 Qf6 31. e7+ Kg7 32. Bf5+ Kf7 33.
e8=Q+ Rxe8 34. Qh5+ Kg7 35. Qxe8 Qxf5 36. Re7+ Kh6 37. Qh8+ Kg6 38. Qh7+ Kf6
39. Qg7# 1-0

[Event "Detroit (MOR/7/24)"]
[Site "?"]
[Date "1990.??.??"]
[Round "?"]
[White "Harger, Tim"]
[Black "Cannon, Gregory"]
[Result "1-0"]
[WhiteElo "1795"]
[BlackElo "1605"]
[PlyCount "73"]
[EventDate "1990.??.??"]

{7/(24)} 1. d4 Nf6 2. e3 g6 3. Bd3 Bg7 4. f4 d5 5. Nd2 O-O 6. Ngf3 c5 7. c3
cxd4 8. exd4 Nc6 9. O-O Ng4 10. Qe2 f5 11. Ne5 Ngxe5 12. fxe5 e6 13. Nf3 f4 14.
Ne1 Bh6 15. Qg4 Qg5 16. Qxg5 Bxg5 17. g3 Bh6 18. Bxf4 g5 19. Be3 Rxf1+ 20. Kxf1
Bd7 21. Nc2 Rf8+ 22. Kg2 Ne7 23. g4 Be8 24. h4 Bg6 25. Bxg6 hxg6 26. hxg5 Bg7
27. Rf1 Rxf1 28. Kxf1 Nc6 29. Ke2 b5 30. Kd3 a5 31. b3 Bf8 32. a3 b4 33. axb4
axb4 34. c4 Na5 35. c5 Be7 36. Nxb4 Nxb3 37. c6 1-0

[Event "Lansing (Mini-Swiss.6/1)"]
[Site "?"]
[Date "1990.??.??"]
[Round "?"]
[White "Hamilton, S."]
[Black "Vangilder, W."]
[Result "1-0"]
[WhiteElo "1740"]
[BlackElo "1605"]
[PlyCount "59"]
[EventDate "1990.??.??"]

{6/(1)} 1. Nf3 Nf6 2. c4 e6 3. Nc3 Bb4 4. Qb3 Bxc3 5. bxc3 b6 6. g3 Bb7 7. Bg2
O-O 8. d3 d6 9. O-O h6 10. a4 a5 11. Ba3 Nbd7 12. Rab1 Nc5 13. Bxc5 dxc5 14.
Rfd1 Qe7 15. e3 Nd7 16. d4 Rad8 17. Ne1 c6 18. Qc2 Nf6 19. Rxb6 Qc7 20. Rdb1
Rb8 21. Qb3 Nd7 22. Rxb7 Qc8 23. Rxb8 Nxb8 24. Nd3 cxd4 25. cxd4 Nd7 26. Qb7 f6
27. Bxc6 Rd8 28. Qxc8 Rxc8 29. Bxd7 Rxc4 30. Bxe6+ 1-0

[Event "Lansing (Apr)"]
[Site "?"]
[Date "1990.??.??"]
[Round "?"]
[White "Hamilton, S."]
[Black "Vangilder, W."]
[Result "1-0"]
[WhiteElo "1605"]
[BlackElo "1605"]
[PlyCount "120"]
[EventDate "1990.??.??"]

1. d4 d5 2. c4 dxc4 3. Nc3 e6 4. e3 Bb4 5. Bxc4 Nf6 6. Bd2 O-O 7. Nf3 Nc6 8.
O-O a6 9. Rc1 b5 10. Be2 Bb7 11. Qc2 Bxc3 12. bxc3 Ne7 13. c4 Be4 14. Qc3 Qd7
15. Rfd1 bxc4 16. Qxc4 Ra7 17. Ng5 Bd5 18. Qc2 c6 19. Bd3 Bxg2 20. Bxh7+ Kh8
21. Be4 Bxe4 22. Nxe4 Qd5 23. f3 g5 24. Nxf6 Qf5 25. Qxf5 exf5 26. Kf2 Kg7 27.
Nh5+ Kg6 28. Ng3 Rh8 29. Rh1 Rb7 30. Ke2 Rb2 31. a4 f4 32. exf4 gxf4 33. Ne4 f5
34. Rcg1+ Kf7 35. Nc5 Nd5 36. Kd3 Rh3 37. Rf1 Ra2 38. Ke2 Nc3+ 39. Kd3 Nxa4 40.
Bxf4 Nxc5+ 41. dxc5 Ke6 42. Ke3 Ra4 43. Rd1 Re4+ 44. Kf2 Rxf4 45. Rhe1+ Kf6 46.
Re3 Rxh2+ 47. Kg3 Rhh4 48. Rd6+ Kg5 49. Rxc6 a5 50. Ree6 Rh8 51. Rg6+ Kh5 52.
Kxf4 a4 53. Rg5+ Kh4 54. Ra6 Kh3 55. Rxa4 Rh4+ 56. Kxf5 Rxa4 57. Rg4 Ra3 58.
Rc4 Ra7 59. f4 Rc7 60. c6 Kh4 1-0

[Event "Detroit (RVO/1)"]
[Site "?"]
[Date "1990.??.??"]
[Round "?"]
[White "Hamilton, S."]
[Black "Tsemekhman, Vadim"]
[Result "0-1"]
[WhiteElo "1700"]
[BlackElo "2430"]
[PlyCount "68"]
[EventDate "1990.??.??"]

1. Nf3 g6 2. g3 Bg7 3. Bg2 Nf6 4. O-O O-O 5. d3 d5 6. Nbd2 Nfd7 7. e4 d4 8. Re1
e5 9. Nf1 Nc5 10. Ng5 f6 11. Nh3 Be6 12. f4 Qc8 13. Nf2 c6 14. fxe5 fxe5 15.
Nd2 a5 16. Nf3 Kh8 17. Ng5 Bg8 18. h4 Qe8 19. Bd2 Nbd7 20. Bf3 Nf6 21. Kg2 Nh5
22. Nfh3 h6 23. Bxh5 gxh5 24. Nf3 Be6 25. Nfg1 Bg4 26. Qc1 Qg6 27. b4 Ne6 28.
a4 Rf7 29. c4 Raf8 30. b5 Bxh3+ 31. Nxh3 Rf3 32. Kh1 Qxg3 33. Bxh6 Qxh3+ 34.
Kg1 Rg3# 0-1

[Event "Lansing (MI Am/3/35)"]
[Site "?"]
[Date "1990.??.??"]
[Round "?"]
[White "Hamilton, S."]
[Black "Sujarit, A."]
[Result "1-0"]
[WhiteElo "1605"]
[BlackElo "1605"]
[PlyCount "99"]
[EventDate "1990.??.??"]

{3/(35)} 1. c4 c5 2. Nc3 Nc6 3. g3 Nf6 4. Bg2 Qc7 5. Nf3 e5 6. e3 d6 7. O-O Be7
8. a3 Be6 9. b3 h6 10. e4 a6 11. d3 O-O 12. Be3 Bd8 13. Qc2 Qd7 14. Nd2 Ng4 15.
Nd5 Bxd5 16. cxd5 Nxe3 17. fxe3 Ne7 18. Nc4 Ng6 19. a4 Rb8 20. Qe2 Bc7 21. Qh5
Qe8 22. Bh3 Ne7 23. Rf3 f6 24. Be6+ Kh7 25. Qh3 Ra8 26. g4 b5 27. Nd2 Ba5 28.
Nf1 bxa4 29. bxa4 Rb8 30. Ng3 Rb4 31. g5 fxg5 32. Rxf8 Qxf8 33. Rf1 Qe8 34. Nh5
Ng8 35. Rf7 Rb1+ 36. Kg2 Rb2+ 37. Kf3 Kh8 38. Rxg7 Ne7 39. Nf6 Kxg7 40. Nxe8+
Kg6 41. Nxd6 Be1 42. Kg4 Bh4 43. Bf5+ Nxf5 44. exf5+ Kf6 45. Ne4+ Kf7 46. Kh5
Rb4 47. f6 Rb6 48. Qd7+ Kf8 49. Qe7+ Kg8 50. Qg7# 1-0

[Event "Detroit (RVO/5)"]
[Site "?"]
[Date "1990.??.??"]
[Round "?"]
[White "Hamilton, S."]
[Black "Miller, Dan"]
[Result "1-0"]
[WhiteElo "1700"]
[BlackElo "1605"]
[PlyCount "159"]
[EventDate "1990.??.??"]

1. Nf3 d5 2. g3 Nf6 3. Bg2 Nc6 4. O-O e6 5. d3 Be7 6. Nbd2 O-O 7. Re1 b6 8. e4
dxe4 9. dxe4 Bb7 10. e5 Nd7 11. c3 Nc5 12. Qc2 Qd3 13. Qxd3 Nxd3 14. Re3 Nxc1
15. Rxc1 Rad8 16. Rd1 Bc5 17. Ree1 Rd7 18. Nb3 Rxd1 19. Rxd1 Be7 20. Rd7 Rd8
21. Rxc7 Ba6 22. Nbd2 Rc8 23. Rxc8+ Bxc8 24. Nc4 h6 25. b4 Ba6 26. Bf1 f6 27.
a4 Nxe5 28. Ncxe5 Bxf1 29. Kxf1 fxe5 30. Nd2 Bd6 31. Ke2 Kf7 32. Ke3 Ke7 33.
Ke4 Kf6 34. Nc4 Bc7 35. Ne3 h5 36. h3 Bd6 37. Nc4 Bc7 38. Na3 a6 39. b5 a5 40.
Nc4 g6 41. h4 g5 42. f3 gxh4 43. gxh4 Bd8 44. Nxe5 Kg7 45. Nd7 Bxh4 46. Nxb6
Bf2 47. Nd7 h4 48. Kf4 e5+ 49. Kg4 Kf7 50. Nxe5+ Kg7 51. c4 Kf6 52. Nc6 Bb6 53.
Kxh4 Ke6 54. f4 Kf5 55. Kg3 Be3 56. Nxa5 Bxf4+ 57. Kf3 Bc7 58. Nb3 Ke5 59. Ke3
Bb6+ 60. Kd3 Kd6 61. Kc3 Bf2 62. c5+ Bxc5 63. Nxc5 Kxc5 64. Kb3 Kb6 65. Kb4 Kb7
66. Kc5 Kc7 67. b6+ Kb7 68. Kb5 Kb8 69. Ka6 Ka8 70. b7+ Kb8 71. a5 Kc7 72. Ka7
Kc6 73. b8=Q Kd5 74. Kb6 Kc4 75. Qd6 Kb3 76. Kb5 Kb2 77. Kb4 Kc2 78. Qd4 Kc1
79. Kb3 Kb1 80. Qd1# 1-0

[Event "Lansing (MI Am/2/22)"]
[Site "?"]
[Date "1990.??.??"]
[Round "?"]
[White "Hamilton, S."]
[Black "Hall, J."]
[Result "1-0"]
[WhiteElo "1605"]
[BlackElo "1805"]
[PlyCount "118"]
[EventDate "1990.??.??"]

{2/(22)} 1. Nf3 d5 2. d3 Nc6 3. g3 e5 4. Bg2 Nf6 5. O-O Be7 6. Nbd2 O-O 7. e4
Bg4 8. c3 Qd7 9. Qe1 dxe4 10. dxe4 Rad8 11. Nc4 Bxf3 12. Bxf3 b5 13. Ne3 b4 14.
Qe2 bxc3 15. bxc3 Qd3 16. Nd5 Qxe2 17. Nxe7+ Nxe7 18. Bxe2 Nxe4 19. Bb2 Rd2 20.
Ba3 Nxc3 21. Bc4 Re8 22. Rfe1 Ng6 23. Bb4 Rd4 24. Bxf7+ Kxf7 25. Bxc3 Rd3 26.
Rac1 c5 27. Re4 Re6 28. Ba1 Rd5 29. Rce1 Kf6 30. f4 Kf5 31. fxe5 Nxe5 32. g4+
Kf6 33. Rxe5 Rdxe5 34. g5+ Kf5 35. Rf1+ Kg6 36. Bxe5 Rxe5 37. Rd1 Rxg5+ 38. Kf2
Rf5+ 39. Kg3 Kf6 40. Rd6+ Ke7 41. Ra6 Rd5 42. Rxa7+ Rd7 43. Rxd7+ Kxd7 44. Kf3
Kc6 45. Ke4 g5 46. a4 h5 47. a5 g4 48. a6 h4 49. Kf4 c4 50. Kxg4 c3 51. a7 Kb7
52. Kxh4 c2 53. Kg4 c1=Q 54. h4 Kxa7 55. h5 Kb6 56. Kf5 Qh6 57. Kg4 Kc5 58. Kh4
Qf4+ 59. Kh3 Kd4 1-0

[Event "Lansing (Mini-Swiss.6/2)"]
[Site "?"]
[Date "1990.??.??"]
[Round "?"]
[White "Hamilton, S."]
[Black "Brauker, J."]
[Result "1-0"]
[WhiteElo "1740"]
[BlackElo "1605"]
[PlyCount "49"]
[EventDate "1990.??.??"]

{6/(2)} 1. c4 e5 2. Nc3 Nf6 3. g3 Bc5 4. Bg2 d6 5. e3 O-O 6. Nge2 Nc6 7. O-O
Be6 8. b3 Nd7 9. a3 a6 10. d4 exd4 11. exd4 Ba7 12. d5 Bg4 13. dxc6 bxc6 14.
Bxc6 Rb8 15. b4 Re8 16. Qc2 Re7 17. Re1 Ne5 18. Bg2 c6 19. Ne4 Nf3+ 20. Bxf3
Bxf3 21. Ng5 Rxe2 22. Qxh7+ Kf8 23. Rxe2 Bxe2 24. Bf4 Qe7 25. Qh8# 1-0

[Event "Lansing (Apr)"]
[Site "?"]
[Date "1990.??.??"]
[Round "?"]
[White "Hamilton, S."]
[Black "Bohnhorst, B."]
[Result "1-0"]
[WhiteElo "1605"]
[BlackElo "1605"]
[PlyCount "119"]
[EventDate "1990.??.??"]

1. e4 c6 2. d4 d5 3. exd5 cxd5 4. Nf3 Bf5 5. Bd3 Bxd3 6. Qxd3 e6 7. O-O Nf6 8.
Bg5 Be7 9. Qb5+ Qd7 10. Qxd7+ Nbxd7 11. Ne5 b5 12. Nxd7 Nxd7 13. Bxe7 Kxe7 14.
Nd2 Rhc8 15. c3 Nb6 16. Rac1 a5 17. b3 a4 18. Rc2 Rc7 19. Rfc1 axb3 20. axb3
Rca7 21. g3 f6 22. c4 b4 23. c5 Nd7 24. c6 Nb6 25. Rc5 Ra5 26. c7 Rxc5 27. Rxc5
Nc8 28. Nf3 Ra7 29. Kg2 Kd6 30. Ne1 Rxc7 31. Rxc7 Kxc7 32. Nd3 Kc6 33. Nxb4+
Kb5 34. Nd3 Kc6 35. f4 Nd6 36. Kf3 Nf5 37. Nb4+ Kb5 38. Nc2 h5 39. Ke2 Ne7 40.
Kd3 Nc6 41. Kc3 g5 42. Ne3 Nb4 43. f5 e5 44. dxe5 fxe5 45. f6 d4+ 46. Kd2 dxe3+
47. Ke2 Nc2 48. f7 Nd4+ 49. Kxe3 Ne6 50. Ke4 Kc6 51. Kxe5 Kd7 52. Kf6 Nf8 53.
b4 Nh7+ 54. Kg7 Ke7 55. Kxh7 Kxf7 56. Kh6 Ke6 57. Kxg5 Kd6 58. Kxh5 Kc6 59. g4
Kb5 60. g5 1-0

[Event "Lansing (MI Am/1/31)"]
[Site "?"]
[Date "1990.??.??"]
[Round "?"]
[White "Hall, J."]
[Black "Solski, Jeff"]
[Result "1-0"]
[WhiteElo "1805"]
[BlackElo "1605"]
[PlyCount "67"]
[EventDate "1990.??.??"]

{1/(31)} 1. e4 d6 2. d4 Nf6 3. Nc3 g6 4. Bc4 Bg7 5. Nge2 c6 6. Bb3 b5 7. a3 a5
8. O-O h5 9. d5 Bg4 10. h3 Bc8 11. Be3 Bd7 12. Nd4 Qc8 13. dxc6 Bxh3 14. gxh3
Qxh3 15. Qf3 Qc8 16. Ndxb5 Nxc6 17. Nd5 Ne5 18. Nxf6+ Bxf6 19. Nxd6+ exd6 20.
Qf4 Qh3 21. f3 Bg5 22. Qxg5 Nxf3+ 23. Rxf3 Qxf3 24. Rf1 Qxe4 25. Bxf7+ Kd7 26.
Bxg6 Qxg6 27. Qxg6 Rhg8 28. Rf7+ Kc6 29. Rg7 Rge8 30. Bf4 Rad8 31. Qd3 a4 32.
Qc4+ Kb6 33. Qc7+ Kb5 34. c4+ 1-0

[Event "Lansing (MI Am/3/7)"]
[Site "?"]
[Date "1990.??.??"]
[Round "?"]
[White "Hall, J."]
[Black "Skidmore, Mike"]
[Result "1-0"]
[WhiteElo "1805"]
[BlackElo "1900"]
[PlyCount "87"]
[EventDate "1990.??.??"]

{3/(7)} 1. e4 c6 2. d4 d5 3. Nc3 dxe4 4. Nxe4 Nd7 5. Nf3 Ndf6 6. Ng3 e6 7. Bd3
Bd6 8. O-O h6 9. Re1 Ne7 10. c3 O-O 11. Ne5 Qc7 12. Nh5 Ned5 13. Qf3 Be7 14.
Bxh6 Nxh5 15. Qxh5 Nf6 16. Qg5 Ne8 17. Qg3 f5 18. Bf4 Bd6 19. Ng6 Bxf4 20. Nxf4
Rf6 21. Bc4 Qf7 22. Re2 Nd6 23. Bb3 Ne4 24. Qf3 g5 25. Nh5 Rh6 26. g4 Bd7 27.
gxf5 Rxh5 28. Rxe4 Rf8 29. Rae1 Rh6 30. Qg4 Kh8 31. Bxe6 Bxe6 32. Rxe6 Rh4 33.
Qg3 Qxf5 34. Qe5+ Qxe5 35. R6xe5 Rg4+ 36. Kf1 Rgf4 37. R1e2 Rh4 38. Rxg5 Rxh2
39. Kg1 Rh7 40. Kg2 Rhf7 41. Rg3 Kh7 42. f3 Rf6 43. Re4 Rg6 44. Re7+ 1-0

[Event "Lansing (MI Inv/6)"]
[Site "?"]
[Date "1990.??.??"]
[Round "?"]
[White "Hahn, David"]
[Black "Rogers, Bradley"]
[Result "1-0"]
[WhiteElo "2225"]
[BlackElo "2225"]
[PlyCount "49"]
[EventDate "1990.??.??"]

1. c4 e5 2. Nc3 Nc6 3. Nf3 d6 4. d4 Bg4 5. d5 Bxf3 6. gxf3 Nce7 7. f4 Ng6 8.
Qa4+ Qd7 9. Nb5 c6 10. Bh3 Qxh3 11. Nc7+ Ke7 12. Nxa8 Qg2 13. Rf1 Kf6 14. Be3
cxd5 15. Nc7 N8e7 16. Qd7 exf4 17. Bd4+ Kg5 18. O-O-O Kh4 19. f3 f5 20. Bf2+
Kh5 21. Nxd5 Qh3 22. Rg1 Nxd5 23. Rxd5 Ne5 24. Qd8 h6 25. Rxe5 1-0

[Event "Detroit (MI Op/5/5)"]
[Site "?"]
[Date "1990.??.??"]
[Round "?"]
[White "Hahn, David"]
[Black "Repkin, Victor"]
[Result "1-0"]
[WhiteElo "2265"]
[BlackElo "2125"]
[PlyCount "73"]
[EventDate "1990.??.??"]

{5/(5)} 1. c4 e6 2. g3 f5 3. Bg2 Nf6 4. Nf3 Be7 5. O-O O-O 6. d4 c6 7. b3 d5 8.
Ba3 Ne4 9. Qc1 Bd7 10. Bxe7 Qxe7 11. Ne5 Be8 12. Nd2 Nd7 13. Nxd7 Qxd7 14. Nf3
Bh5 15. Ne5 Qd6 16. c5 Qe7 17. e3 Ng5 18. f4 Nf7 19. Nxf7 Qxf7 20. Rf2 Qe7 21.
b4 Qc7 22. Rc2 h6 23. a4 Kh7 24. Rb1 Rab8 25. b5 Qd7 26. Rcb2 Be8 27. Bf1 Qc8
28. a5 cxb5 29. Bxb5 Bxb5 30. Rxb5 a6 31. Rb6 Rf7 32. Qb2 Qc7 33. c6 Qd8 34.
cxb7 Rc7 35. Rxa6 Rcxb7 36. Rb6 Qc7 37. Rxb7 1-0

[Event "Lansing (Apr)"]
[Site "?"]
[Date "1990.??.??"]
[Round "?"]
[White "Hahn, David"]
[Black "Noren, Kevin"]
[Result "1/2-1/2"]
[WhiteElo "2205"]
[BlackElo "2285"]
[PlyCount "135"]
[EventDate "1990.??.??"]

1. c4 Nf6 2. Nc3 g6 3. e4 d6 4. d4 Bg7 5. f3 O-O 6. Bg5 Nc6 7. Nge2 a6 8. Qd2
Re8 9. d5 Ne5 10. Ng3 c6 11. Be2 b5 12. cxb5 cxb5 13. b3 Qb6 14. Be3 Qa5 15.
O-O Bd7 16. Rac1 Rec8 17. h3 b4 18. Nb1 Bb5 19. a4 Be8 20. Na3 Rc3 21. Rxc3
bxc3 22. Qa2 Rb8 23. Nc2 h5 24. Ra1 Ra8 25. b4 Qc7 26. Qb3 Ned7 27. Ra3 a5 28.
bxa5 Qxa5 29. Qxc3 Qxc3 30. Rxc3 Nxd5 31. Ra3 Nxe3 32. Nxe3 Bb2 33. Ra2 Be5 34.
Ngf1 Nc5 35. a5 Na4 36. Kh1 Nc3 37. Rd2 Nxe2 38. Rxe2 Rxa5 39. Re1 Bb5 40. Nd5
e6 41. Nde3 Ra1 42. Rxa1 Bxa1 43. Nc2 Be5 44. Nfe3 Kf8 45. Kg1 h4 46. Ng4 Bc3
47. Kf2 f5 48. exf5 gxf5 49. Nge3 Bd3 50. Ne1 Bb5 51. f4 Bd4 52. Nf3 Bf6 53.
Nc2 Bc6 54. g3 hxg3+ 55. Kxg3 Ke7 56. Ncd4 Be4 57. Ne2 e5 58. fxe5 dxe5 59. Nh4
Ke6 60. Ng1 Bd3 61. Ng6 Bg5 62. h4 Bh6 63. h5 f4+ 64. Kf2 Bxg6 65. hxg6 e4 66.
Ne2 Kf6 67. Nc3 e3+ 68. Kf3 1/2-1/2

[Event "Flint (MEX/4)"]
[Site "?"]
[Date "1990.??.??"]
[Round "?"]
[White "Hahn, David"]
[Black "Noren, Kevin"]
[Result "1/2-1/2"]
[WhiteElo "2220"]
[BlackElo "2250"]
[PlyCount "93"]
[EventDate "1990.??.??"]

1. c4 f5 2. Nf3 Nf6 3. g3 g6 4. Bg2 Bg7 5. d4 O-O 6. O-O d6 7. d5 c6 8. Nc3 e5
9. dxe6 Bxe6 10. Qd3 Na6 11. Ng5 Qe7 12. Bf4 Rad8 13. Qe3 Rfe8 14. Nxe6 Qxe6
15. Qxe6+ Rxe6 16. Rad1 Nh5 17. Be3 Nb4 18. Bd4 Nf6 19. Bxa7 Nxa2 20. Nxa2 Ra8
21. Nc3 Rxa7 22. Ra1 Rxa1 23. Rxa1 Nd7 24. Ra8+ Kf7 25. Ra7 Nc5 26. Bxc6 Bxc3
27. bxc3 Rxe2 28. Bxb7 Kf6 29. Bd5 Re7 30. Ra8 g5 31. h3 f4 32. Kg2 Nd3 33. Rd8
Re2 34. gxf4 Ke7 35. Rh8 gxf4 36. Rxh7+ Kf6 37. Rh6+ Ke7 38. Rh7+ Kf6 39. Rd7
Rxf2+ 40. Kg1 f3 41. Rf7+ Kg6 42. Rxf3 Rxf3 43. Bxf3 Nb2 44. Bd5 Na4 45. Kf2
Nxc3 46. Bc6 Nd1+ 47. Ke1 1/2-1/2

[Event "Detroit (MI Op/3/5)"]
[Site "?"]
[Date "1990.??.??"]
[Round "?"]
[White "Hahn, David"]
[Black "Knecht, Mark"]
[Result "0-1"]
[WhiteElo "2265"]
[BlackElo "2115"]
[PlyCount "144"]
[EventDate "1990.??.??"]

{3/(5)} 1. c4 e6 2. g3 d5 3. Bg2 Nf6 4. Nf3 c6 5. b3 Be7 6. Bb2 Nbd7 7. O-O O-O
8. Nc3 b6 9. Nd4 Bb7 10. cxd5 cxd5 11. Rc1 Rc8 12. Ncb5 a6 13. Rxc8 Qxc8 14.
Na3 Qa8 15. Qa1 Rc8 16. Rc1 Bf8 17. Nac2 e5 18. Nf3 d4 19. Nce1 Bd6 20. e3 dxe3
21. dxe3 Rxc1 22. Qxc1 Qc8 23. Qa1 Qc7 24. Nxe5 Bxg2 25. Nxd7 Qxd7 26. Nxg2 Be7
27. Nf4 Ng4 28. Qc1 g5 29. Ng2 Qf5 30. Qf1 Qc2 31. Bd4 Qxa2 32. h3 Nf6 33. Qc4
Ne4 34. Qc8+ Bf8 35. Qf5 Qb1+ 36. Kh2 Nd2 37. Qxg5+ Qg6 38. Qxg6+ hxg6 39. Bxb6
Nxb3 40. Nf4 a5 41. Nd5 a4 42. Nc3 a3 43. Na2 Bg7 44. Bd4 Nxd4 45. exd4 Bxd4
46. f4 Kg7 47. Kg2 Kf6 48. Kf3 Ke6 49. Ke4 Bf2 50. g4 Be1 51. f5+ gxf5+ 52.
gxf5+ Kf6 53. Kf4 Bd2+ 54. Ke4 Kg5 55. Ke5 Bf4+ 56. Ke4 f6 57. Nc3 Be5 58. Na2
Kh4 59. Kf3 Kxh3 60. Nc1 Kh4 61. Na2 Kg5 62. Ke4 Kg4 63. Nb4 Kg3 64. Ke3 Bf4+
65. Ke4 Bd6 66. Na2 Kf2 67. Nc1 Be5 68. Na2 Ke2 69. Nc1+ Kd1 70. Na2 Kc2 71.
Nb4+ Kb1 72. Nd5 a2 0-1

[Event "Flint (MEX/2)"]
[Site "?"]
[Date "1990.??.??"]
[Round "?"]
[White "Hahn, David"]
[Black "Hickey, Gene"]
[Result "1-0"]
[WhiteElo "2220"]
[BlackElo "2000"]
[PlyCount "85"]
[EventDate "1990.??.??"]

1. c4 f5 2. Nf3 Nf6 3. g3 g6 4. Bg2 Bg7 5. O-O O-O 6. d4 d6 7. d5 c6 8. Nc3 e5
9. dxe6 Bxe6 10. Qd3 Qc7 11. Bf4 Ne8 12. c5 Be5 13. Qe3 Qc8 14. Nxe5 dxe5 15.
Bxe5 Nd7 16. Rad1 Nxe5 17. Qxe5 Bf7 18. Rd4 Qe6 19. Qxe6 Bxe6 20. b4 a6 21. a4
Nc7 22. Rfd1 Rfe8 23. e4 Re7 24. Rd8+ Rxd8 25. Rxd8+ Kf7 26. f4 Rd7 27. Rxd7+
Bxd7 28. a5 Ne6 29. Ne2 Kf6 30. Kf2 h6 31. Ke3 fxe4 32. Bxe4 Be8 33. Nc3 Bf7
34. Bf3 Be8 35. Ne4+ Ke7 36. Nd6 Nd8 37. Kd4 Bd7 38. Ke5 Be6 39. Be4 Bf7 40. h4
h5 41. f5 gxf5 42. Bxf5 Bd5 43. Bc8 1-0

[Event "Lansing (Feb)"]
[Site "?"]
[Date "1990.??.??"]
[Round "?"]
[White "Hahn, David"]
[Black "Finegold, Ron"]
[Result "1/2-1/2"]
[WhiteElo "2220"]
[BlackElo "2195"]
[PlyCount "67"]
[EventDate "1990.??.??"]

1. e4 e5 2. Nc3 Nf6 3. g3 Bc5 4. Bg2 Nc6 5. d3 d6 6. Na4 Bg4 7. f3 Bxg1 8. fxg4
Bb6 9. Nxb6 axb6 10. g5 Nd7 11. O-O O-O 12. c3 Qe7 13. h4 Nd8 14. Kh2 Ne6 15.
d4 exd4 16. cxd4 c5 17. Be3 cxd4 18. Bxd4 Nxd4 19. Qxd4 Qe5 20. Rfd1 Nc5 21.
Qxd6 Qxb2 22. Rab1 Qe2 23. Rd2 Qe3 24. Rxb6 Nxe4 25. Bxe4 Qxe4 26. Rb4 Qf3 27.
Rf4 Qc3 28. Rdf2 Qc6 29. Qe7 Qd5 30. Rf5 Qc4 31. Qxb7 Rxa2 32. R5f4 Rxf2+ 33.
Rxf2 Qe6 34. Qf3 1/2-1/2

[Event "Lansing (MI Inv/4)"]
[Site "?"]
[Date "1990.??.??"]
[Round "?"]
[White "Hahn, David"]
[Black "Finegold, Mark"]
[Result "1-0"]
[WhiteElo "2225"]
[BlackElo "2245"]
[PlyCount "79"]
[EventDate "1990.??.??"]

1. c4 Nf6 2. Nc3 g6 3. e4 d6 4. d4 Bg7 5. f3 O-O 6. Bg5 h6 7. Be3 c6 8. Qd2 Kh7
9. Bd3 e5 10. d5 cxd5 11. cxd5 Ng8 12. h4 f5 13. h5 g5 14. exf5 Bxf5 15. Nge2
Ne7 16. Ng3 Kh8 17. Nge4 Na6 18. O-O Nc7 19. g4 Bh7 20. Bc4 Bg8 21. a4 b6 22.
Kg2 Rc8 23. b3 Rb8 24. b4 Ne8 25. Rac1 Nf6 26. Nxf6 Bxf6 27. Ne4 Bh7 28. Be2
Bg8 29. Bc4 Bh7 30. Bb5 Bg8 31. Bc6 Rc8 32. b5 Bh7 33. a5 Bxe4 34. fxe4 Ng8 35.
axb6 axb6 36. Ra1 Rb8 37. Ra7 Bg7 38. Rxf8 Qxf8 39. Qf2 Qc8 40. Qf5 1-0

[Event "Lansing (MI Inv/1)"]
[Site "?"]
[Date "1990.??.??"]
[Round "?"]
[White "Hahn, David"]
[Black "Cunningham, R."]
[Result "1-0"]
[WhiteElo "2225"]
[BlackElo "2175"]
[PlyCount "33"]
[EventDate "1990.??.??"]

1. e4 c6 2. c4 d5 3. cxd5 cxd5 4. exd5 Nf6 5. Qa4+ Bd7 6. Qb3 Na6 7. Nc3 Qb6 8.
Bc4 Nb4 9. Nf3 a5 10. O-O a4 11. Qd1 Qc5 12. Ne5 Bg4 13. Bb5+ Bd7 14. d4 Qc8
15. Nxd7 Nxd7 16. a3 Na6 17. Nxa4 1-0